Macroeconomics: analysis and policy
Gespeichert in:
| Hauptverfasser: | , |
|---|---|
| Format: | Buch |
| Sprache: | Englisch |
| Veröffentlicht: |
Glenview
Scott, Foresman and Company
1974
|
| Schlagworte: | |
| Tags: |
Tag hinzufügen
Keine Tags, Fügen Sie den ersten Tag hinzu!
|
MARC
| LEADER | 00000nam a2200000 a 4500 | ||
|---|---|---|---|
| 001 | UCQ1292 | ||
| 003 | CL-VaPUC | ||
| 008 | 980709e19740000US |||||||||||||||||eng|d | ||
| 082 | 0 | 4 | |a 339 |b COC |2 21 |
| 100 | 0 | |a Cochrane, James L |e author |9 415030 | |
| 700 | 0 | |a Kiker, B. F |e author |9 415031 | |
| 245 | 1 | 0 | |a Macroeconomics: analysis and policy |
| 300 | |a 398 p | ||
| 942 | |c BK | ||
| 945 | |d 19980709 00:00:00 |a crobeson | ||
| 260 | |a Glenview |b Scott, Foresman and Company |c 1974 | ||
| 650 | 0 | |a Macroeconomía |9 260301 | |
| 650 | 0 | |a Economía |9 255568 | |
| 650 | 0 | |a Análisis macroeconómico |9 358711 | |
| 650 | 0 | |a Teorías económicas |9 270968 | |
| 650 | 0 | |a Política económica |9 255029 | |
| 650 | 0 | |a Desarrollo económico y social |9 256320 | |
| 583 | |a last modification |c 19980709 00:00:00 |k Rodrigo Vera | ||
| 999 | |c 272294 |d 272292 | ||